|
|
|
|
| LEADER |
00699nab a2200181 i 4500 |
| 001 |
misc13248 |
| 005 |
20191106141447.0 |
| 008 |
170607s1983 hu o 0|| hun d |
| 022 |
|
|
|a 0025-0260
|
| 040 |
|
|
|a SZTE Miscellanea Repozitórium
|b hun
|
| 041 |
|
|
|a hun
|
| 100 |
1 |
|
|a Kozma Tamás
|
| 245 |
1 |
0 |
|a Iskola és városiasodás
|h [elektronikus dokumentum] /
|c Kozma Tamás
|
| 260 |
|
|
|c 1983
|
| 300 |
|
|
|a 111-120
|
| 490 |
0 |
|
|a Magyar pedagógia : a Magyar Tudományos Akadémia Pedagógiai Bizottságának folyóirata
|v 83 No. 2
|
| 695 |
|
|
|a Nevelésszociológia városiasodás, Nevelésszociológia, Városiasodás
|
| 856 |
4 |
0 |
|u http://misc.bibl.u-szeged.hu/13248/1/mp_1983_002_5655_111-120.pdf
|z Dokumentum-elérés
|